Movies Quiz

Random Movies Quiz

Christopher Nolan Films by Three Soundtrack Titles Quiz Stats

 Plays Quiz not verified by Sporcle

Challenge
Share
Tweet
Embed
Score 0/8 Timer 03:00
0 Plays Today
% Correct
Memento
82.6%
Insomnia
75.2%
The Prestige
75.2%
Inception
73.9%
Interstellar
73.9%
The Dark Knight
71.4%
The Dark Knight Rises
64%
Batman Begins
42.2%

You're not logged in!

Compare scores with friends on all Sporcle quizzes.
OR
Log In

You Might Also Like...

Show Comments

Extras

Top Quizzes Today


Score Distribution

Your Account Isn't Verified!

In order to create a playlist on Sporcle, you need to verify the email address you used during registration. Go to your Sporcle Settings to finish the process.

Report this User

Report this user for behavior that violates our Community Guidelines.

Details: